| 000 | 00572 a2200229 4500 | ||
|---|---|---|---|
| 260 | _aAmerica | ||
| 630 | _a62 - Ingénieurie. Art de l'ingénieur. Technologie en général | ||
| 650 | _a6 - SCIENCES APPLIQUEES | ||
| 100 | _aRutkowski, B. George | ||
| 260 | _bGlencoe | ||
| 245 | _aBasic electricity for electronics : a text- laboratory manuel | ||
| 300 | _a323p | ||
| 650 | _aElectricité | ||
| 650 | _a EZlectronique | ||
| 260 | _c1984 | ||
| 300 | _b28 cm | ||
| 100 | _lEn. | ||
| 037 | _aS 6811 | ||
| 020 | _a0-02-681000-X | ||
| 999 |
_c44265 _d44265 |
||